| 000 | 00814cam a22002531 4500 | ||
|---|---|---|---|
| 001 | med48000125 | ||
| 003 | DLC | ||
| 005 | 20260227111609.0 | ||
| 008 | 820626s1947 xx 000 0 eng | ||
| 010 | _amed48000125 | ||
| 035 | _a(OCoLC)6842854 | ||
| 040 |
_aDLC _cDNLM _dKWiU _dOCoLC _dDLC |
||
| 050 | 0 | 0 |
_aRA11 _b.B177 no. 196 |
| 060 | 0 | 0 |
_aW1 _bUN7392 no.196 |
| 082 | _a616.87 | ||
| 100 | 1 |
_aSievers, Rudolph Frederick, _d1909- |
|
| 245 | 1 | 3 | _aAn evaluation of neurologic symptoms and findings occurring among TNT workers. |
| 260 |
_a[Washington, _bU.S. Govt. Print. Off., _c1947] |
||
| 300 | _a26 p. | ||
| 410 | 1 | 0 |
_aUnited States. _bPublic Health Service. _tPublic health reports. _pSupplement _vno. 196 |
| 504 | _a"References": p. 25-26. | ||
| 650 | 0 |
_aTNT (Chemical) _xToxicology. |
|
| 650 | 0 | _aNeuritis. | |
| 999 |
_c38854 _d38854 |
||